000 01093nam a2200229 a 4500
001 000005430
005 20200929151657.0
008 090819s1989 sp a 000 0 cat d
020 _a8472831329
040 _aDO-SdBNP
_bspa
_cBNPHU
082 _a547
_bN799q
240 0 _aRules of nomenclature organic of IUPAC [A,B,C] of 1979
_lcatalán
245 0 0 _aNomenclatura de química orgánica :
_bSeccions A, B i C. Regles definitives de 1979. Unió Internacional de Química Pura i Aplicada /
_cversión catalana Consol Blanch i Colat ... [et al.] ; edición D´Angel Messeguer i Peypoch, Miquel A. Pericás i Brondo.
246 1 0 _aUnió Internacional de Química Pura I Aplicada
260 _aBarcelona :
_bConsell Superior D´Investigacions Científiques ;
_bInstitut D'estudis Catalans,
_c1989.
300 _axxv, 339 p. :
_bil. ;
_c25 cm.
650 4 _aQuímica orgánica
_915418
700 1 2 _aMesseguer i Peypoch, D' Angel,
_eed.
_915419
700 1 2 _aPericás i Brondo, Miquel A.,
_eed.
_915420
700 1 2 _aBlanch i Colat, Consol,
_etr.
_915421
910 _aValidado. Control de calidad BNPHU.
999 _c5230
_d5230